100 QUESTIONS AND ANSWERS ABOUT DEPRESSI (Record no. 10782)

MARC details
000 -LEADER
fixed length control field 00369nam a2200133Ia 4500
008 - FIXED-LENGTH DATA ELEMENTS--GENERAL INFORMATION
fixed length control field 240624s9999 xx 000 0 und d
041 ## - LANGUAGE CODE
Language code of text/sound track or separate title eng
082 ## - DEWEY DECIMAL CLASSIFICATION NUMBER
Classification number 616.85 ALB
100 ## - MAIN ENTRY--PERSONAL NAME
Personal name ALBRECHT AVA T
245 ## - TITLE STATEMENT
Title 100 QUESTIONS AND ANSWERS ABOUT DEPRESSI
260 ## - PUBLICATION, DISTRIBUTION, ETC.
Date of publication, distribution, etc. 2007
Place of publication, distribution, etc. Boston
Name of publisher, distributor, etc. Jones and Bartlett Publishers
300 ## - PHYSICAL DESCRIPTION
Extent xiv, : 216 : p. : cm. ; 23
365 ## - TRADE PRICE
Currency code RS
Price amount 33
Holdings
Withdrawn status Lost status Damaged status Not for loan Home library Current library Shelving location Date acquired Source of acquisition Cost, normal purchase price Total Holds Full call number Barcode Date last seen Copy number Price effective from Koha item type
        IMTN IMTN Rack 19-B 10/06/2008 AP 250.00 1280 616.85 ALB 10782 06/24/2024 1 06/24/2024 Books
Designed & Maintained by: LRC IMT Nagpur Contact: lrc@imtnag.ac.in© 2024. All Rights Reserved.